000 00689cam a2200217 4500
001 179575
003 ES-MaACL
005 20250827062642.0
008 111223s2010 sp | |||||||| | spa d ..|
015 _aMON1102
040 _aSpMaBN
080 _a341.24(460)
110 1 _aEspaña
_93622
243 0 _aTratados, etc.
245 1 0 _aConvenios multilaterales vigentes de los que España es depositaria.
260 _aMadrid :
_bMinisterio de Asuntos Exteriores y de Cooperación, Área de Documentación y Publicaciones,
_c2010.
300 _a538 p. ;
_c22 cm.
650 0 4 _aTratados internacionales-
_zEspaña.
_917642
852 _aES-MaACL
_jN-4802
999 _c179575
_d179575